Violência Doméstica e Familiar Contra a Mulher (Record no. 2063)
[ view plain ]
| 000 -Etiqueta do registo | |
|---|---|
| Campo de controlo de comprimento fixo | 00719 a2200217 4500 |
| 020 ## - ISBN (NÚMERO DE LIVRO PADRÃO INTERNACIONAL) | |
| ISBN | 978-85-7348-908-8 |
| 040 ## - Fonte de Catalogação | |
| Agência de catalogação | Biblioteca de Posgraduação- Universidade Lusíada de Angola |
| 082 ## - DEWEY DECIMAL CLASSIFICATION NUMBER | |
| Classificador- CDU | 343/POR/V |
| 082 ## - DEWEY DECIMAL CLASSIFICATION NUMBER | |
| Classificador- CDU | 396 |
| 100 ## - Nome Pessoal | |
| 9 (RLIN) | 842 |
| Autor | PORTO, Pedro Rui da Fontoura |
| 245 ## - Declaração de Título | |
| Título | Violência Doméstica e Familiar Contra a Mulher |
| Complemento de título | - Lei11.340/06 - Análise Crítica e Sistemática |
| 250 ## - Indicação da edição | |
| Edição | 3ª Edição Revista, Actualizada e de Acordo com ADI4424 |
| 260 ## - Publicação e Destribuíção | |
| Local de edição/distribuição | Porto Alegre |
| Editor/distribuidor | Livrariado Advogado Editora |
| Data de edição/distribuição | 2014 |
| 300 ## - Descrição Física | |
| Nº Pág. | 160p. |
| 600 #0 - Nome pessoal | |
| Autor | PORTO, Pedro Rui da Fontoura |
| 650 ## - MATERIA | |
| MATERIA | Direito |
| 650 ## - MATERIA | |
| MATERIA | Direito Penal |
| 650 ## - MATERIA | |
| MATERIA | Femenismo. Situaȯ̂ e Condição das Mulheres |
| 700 ## - Entrada secundária - Nome pessoal | |
| Autor | Pedro Rui da Fontoura Porto |
| 942 ## - - Elementos de entrada adicionados (koha) | |
| Tipo de documento | Livros |
| Withdrawn status | Lost status | Source of classification or shelving scheme | Damaged status | Not for loan | Permanent Location | Current Location | Date acquired | Total Checkouts | Full call number | Date last seen | Price effective from | Koha item type |
|---|---|---|---|---|---|---|---|---|---|---|---|---|
| Dewey Decimal Classification | Biblioteca de Posgraduação- Universidade Lusíada de Angola | Biblioteca de Posgraduação- Universidade Lusíada de Angola | 09/06/2025 | 343/POR/V | 09/06/2025 | 09/06/2025 | Livros | |||||
| Dewey Decimal Classification | Biblioteca de Posgraduação- Universidade Lusíada de Angola | Biblioteca de Posgraduação- Universidade Lusíada de Angola | 09/06/2025 | 343/POR/V | 09/06/2025 | 09/06/2025 | Livros |
